Member institutions of the University of London - Statistics

General Stats
  • This quiz has been taken 13 times
  • The average score is 7 of 17
Answer Stats
Answer % Correct
Queen Mary's
100%
University College London
92%
King's College London
85%
London School of Economics
85%
School of Oriental and African Studies
69%
Royal Holloway
62%
Brunel
38%
Goldsmiths
38%
City St George's
31%
Courtauld Institute of Art
23%
London School of Hygiene and Tropical Medicine
23%
Birbeck
15%
Institute of Cancer Research
15%
London Business School
15%
Royal Academy of Music
8%
(Royal) Central School of Speech and Drama
8%
Royal Veterinary College
8%
No matching quizzes found
Score Distribution
Percent of People with Each Score
Percentile by Number Answered
Your Score History
You have not taken this quiz